Las nuevas tecnologías de comunicación : un desafío para la libertad de prensa /
保存先:
| 第一著者: | |
|---|---|
| フォーマット: | 図書 |
| 言語: | スペイン語 |
| 出版事項: |
París, Francia :
UNESCO,
1994, c1994
|
| シリーズ: | (Estudios y Documentos de Comunicación de Masas ;
106) |
| 主題: | |
| タグ: |
タグなし, このレコードへの初めてのタグを付けませんか!
|
MARC
| LEADER | 00000nam^a2200000^a^4500 | ||
|---|---|---|---|
| 001 | 000143123 | ||
| 005 | 20250521000000.0 | ||
| 009 | 20260310095714.129 | ||
| 020 | |a 92-3-302791-0 | ||
| 037 | |a Acervo ITESO - Biblioteca | ||
| 041 | |a ESP | ||
| 082 | |a 302. 23 |b DOC V. 106 | ||
| 100 | |a Sparks, Colin |e (ed.) | ||
| 240 | 1 | 1 | |a [Estudios y documentos de comunicación de masas] |
| 245 | 1 | 4 | |a Las nuevas tecnologías de comunicación : |b un desafío para la libertad de prensa / |c Ed. de C. Sparks. |
| 264 | 4 | |a París, Francia : |b UNESCO, |c 1994, c1994 | |
| 300 | |a 119 p. | ||
| 336 | |a texto |b txt |2 rdacontenido | ||
| 337 | |a sin mediación |b n |2 rdamedio | ||
| 338 | |a volumen |b nc |2 rdasoporte | ||
| 440 | 1 | |a (Estudios y Documentos de Comunicación de Masas ; |v 106) | |
| 649 | |a XX | ||
| 650 | |a Libertad de Información | ||
| 650 | |a Prensa | ||
| 650 | |a Tecnologías de Comunicación e Información | ||
| 650 | |a Medios de Comunicación | ||
| 650 | |a Comunicación Masiva | ||
| 910 | |a Fondo General | ||
| 920 | |a Impresos - Libros | ||
| 930 | |a Colección General | ||
| 905 | |a 101 | ||
| 901 | |a 0500071711 |b IT1 |c ACC |u 20250521 | ||
| 902 | |a https://opac.biblio.iteso.mx/vufind/Record/000143123 | ||